| 000 | 02038nam a22002297a 4500 | ||
|---|---|---|---|
| 005 | 20241120130645.0 | ||
| 008 | 241120k19361937ck ||||fr|||| 00| 0 spa d | ||
| 040 |
_cSandra Yazo _dSandra Yazo |
||
| 041 | 0 | _aspa | |
| 082 | 0 | 4 |
_220 _a861 |
| 092 | _aE54N013 | ||
| 100 | 1 |
_aGarcía Prada, Carlos _d1898-1979 _9183808 |
|
| 245 | 1 | 0 |
_aAntología de líricos colombianos. _cIntroducción, selección y notas por Carlos García Prada. |
| 260 |
_aBogotá (Colombia) _bImprenta Nacional _c1936-1937 |
||
| 300 |
_a2 volúmenes (463 ; 500 páginas) _c19 x 16 cm |
||
| 500 | _aDetalles físicos: Sin encuadernación original. Actualmente, encuadernación rígida (holandesa), en buen estado de conservación; cartón forrado en papel jaspeado; lomo de tela texturizada, con letras en dorado. Guardas. Hoja de cortesía. Portada impresa en una sola tinta. Texto impreso en una sola columna, con diferentes tipos y tamaños de letra. Notas al final. Índice. Fe de erratas. Lomo y tapas con restos de cintas pegantes antiguas. | ||
| 505 | 0 | _aTomo 1 (Parte 1) : La poesía colombiana ; José J ; Ortiz ; José Eusebio Caro ; Julio Arboleda ; Rafael Núñez ; Gregorio Gutiérrez González ; Rafael Pombo ; Belisario Peña ; Diego Fallon ; Jorge Isaacs ; Miguel A ; Caro ; Ismael E ; Arciniegas ; José J ; Casas ; Carlos A ; Torres ; Diego Uribe ; Julio Flórez ; Antonio Gómez Restrepo ; Luis M ; Mora ; Tomo 2 (Parte 2): José A ; Silva ; Max Grillo ; Guillermo Valencia ; Víctor Londoño ; Alfredo Gómez Jaime ; Ricardo Nieto ; Luis Carlos López ; Porfirio Barba Jacob ; Aurelio Martínez Mutis ; Eduardo Castillo ; Miguel Rash-Isla ; José Eustasio Rivera ; Ángel Maria Céspedes ; Leon De Greiff ; Rafael Maya ; José Umaña Bernal ; Rafael Vásquez ; Juan Lozano y Lozano ; Germán Pardo García ; Notas ; Listado de colombianismos, con su significado ; Bibliografía | |
| 506 | _aConsulta en sala | ||
| 650 | 7 |
_921792 _aPoesía colombiana |
|
| 690 |
_aLiteratura colombiana _918629 |
||
| 942 |
_2LOCAL _cLIBRO _e1 _hE54N013 |
||
| 999 |
_c325033 _d325033 |
||